Catálogo
 En Linea

Jarabacoa : (Registro nro. 14501)

Detalles MARC
000 -CABECERA
campo de control de longitud fija 01288nam a2200313 a 4500
001 - NÚMERO DE CONTROL
campo de control 000014921
003 - IDENTIFICADOR DEL NÚMERO DE CONTROL
campo de control DO-SdBNP
005 - FECHA Y HORA DE LA ÚLTIMA TRANSACCIÓN
campo de control 20230511100333.0
008 - DATOS DE LONGITUD FIJA--INFORMACIÓN GENERAL
campo de control de longitud fija 100127s2008 dr 001 0 spa d
020 ## - NÚMERO INTERNACIONAL ESTÁNDAR DEL LIBRO
Número Internacional Estándar del Libro 9789945162448
040 ## - FUENTE DE LA CATALOGACIÓN
Centro catalogador/agencia de origen DO-SdBNP
Lengua de catalogación spa
Centro/agencia transcriptor BNPHU
049 ## - FONDOS LOCALES (OCLC)
Fondos de biblioteca BNPD
082 #4 - NÚMERO DE LA CLASIFICACIÓN DECIMAL DEWEY
Número de clasificación 972.93697
Número de documento/Ítem H565j
Número de edición 22
100 1# - ENTRADA PRINCIPAL--NOMBRE DE PERSONA
Nombre de persona Herrera, Rafael Vinicio,
Fechas asociadas al nombre 1957-
9 (RLIN) 33783
245 10 - MENCIÓN DE TÍTULO
Título Jarabacoa :
Resto del título origen y desarrollo histórico /
Mención de responsabilidad, etc. Rafael Vinicio Herrera.
260 ## - PUBLICACIÓN, DISTRIBUCIÓN, ETC.
Lugar de publicación, distribución, etc. Jarabacoa, :
Nombre del editor, distribuidor, etc. CPEC,
Fecha de publicación, distribución, etc. 2008.
Fabricante Búho
300 ## - DESCRIPCIÓN FÍSICA
Extensión 330 p. :
Otras características físicas il., retrs. ;
Dimensiones 24 cm.
490 1# - MENCIÓN DE SERIE
Mención de serie Publicaciones de la Comisión Permanente de Efemérides Patrias
Designación de volumen o secuencia 31
500 ## - NOTA GENERAL
Nota general Incluye datos biográficos del autor.
504 ## - NOTA DE BIBLIOGRAFÍA, ETC.
Nota de bibliografía, etc. Incluye referencias bibliográficas (p. 309-327)
650 #4 - PUNTO DE ACCESO ADICIONAL DE MATERIA--TÉRMINO DE MATERIA
Término de materia o nombre geográfico como elemento de entrada Ciudades y pueblos
Subdivisión geográfica República Dominicana
9 (RLIN) 784
651 #4 - PUNTO DE ACCESO ADICIONAL DE MATERIA--NOMBRE GEOGRÁFICO
Nombre geográfico Jarabacoa (República Dominicana)
Subdivisión general Vida Social Y Costumbres
9 (RLIN) 33784
651 #4 - PUNTO DE ACCESO ADICIONAL DE MATERIA--NOMBRE GEOGRÁFICO
Nombre geográfico Jarabacoa (República Dominicana)
Subdivisión general Historia local
9 (RLIN) 26129
651 #4 - PUNTO DE ACCESO ADICIONAL DE MATERIA--NOMBRE GEOGRÁFICO
Nombre geográfico Jarabacoa (República Dominicana)
Subdivisión general Descripción
9 (RLIN) 33785
710 1# - PUNTO DE ACCESO ADICIONAL--NOMBRE DE ENTIDAD CORPORATIVA
Nombre de entidad corporativa o nombre de jurisdicción como elemento de entrada República Dominicana
Unidad subordinada Comisión Permanente de Efemérides Patria
9 (RLIN) 45309
830 #0 - PUNTO DE ACCESO ADICIONAL DE SERIE-TÍTULO UNIFORME
Título uniforme Publicaciones de la Comisión Permanente de Efemérides
Designación de volumen o secuencia 31
9 (RLIN) 33786
910 ## - DATOS DE OPCIÓN DEL USUARIO (OCLC)
Datos de opción del usuario Validado. Control de calidad BNPHU
942 ## - ELEMENTOS DE PUNTO DE ACCESO ADICIONAL (KOHA)
Fuente del sistema de clasificación o colocación Dewey Decimal Classification
Tipo de ítem Koha Libro
Existencias
Estado de retiro Estado de pérdida No para préstamo Código de colección Localización permanente Ubicación/localización actual Ubicación en estantería Fecha de adquisición Número de inventario Total de préstamos Signatura topográfica completa Código de barras Fecha visto por última vez Número de copia Precio válido a partir de Tipo de ítem Koha Restricciones de uso
    Excluido de préstamo Dominicana de Servicio General General Depósito 05.10.2010 LF1   972.93697 H565J 14921-30 25.06.2020 e.3 25.06.2020 Libro y Folleto Colección Dominicana de Servicio  
    Excluido de préstamo Patrimonio Dominicano Patrimonio Dominicano Patrimonio Dominicano Depósito 27.01.2010 LF1   972.93697 H565J 14921-10 25.06.2020   25.06.2020 Libro y Folleto Colección Patrimonio Dominicano  
    Excluido de préstamo Patrimonio Dominicano Patrimonio Dominicano Patrimonio Dominicano Depósito 27.01.2010 LF1   972.93697 H565J 14921-20 25.06.2020 e. 2 25.06.2020 Libro y Folleto Colección Patrimonio Dominicano  
      Dominicana de Servicio Patrimonio Dominicano Patrimonio Dominicano Depósito 06.07.2017 LF1   972.93697 H565J 14921-40 25.06.2020 e. 4 25.06.2020 Libro y Folleto Colección Dominicana de Servicio  
      Dominicana de Servicio Patrimonio Dominicano Patrimonio Dominicano Depósito 06.07.2017 LF1   972.93697 H565J 14921-50 25.06.2020 e. 5 25.06.2020 Libro y Folleto Colección Dominicana de Servicio  

Con tecnología Koha